000 00802nam a2200253Ia 4500
003 OSt
005 20221005044302.0
006 a|||||r|||| 00| 0
007 ta
008 221004b |||||||| |||| 00| 0 eng d
020 _a9788125030737 (pbk)
_c200
024 _a99818
037 _b001, 01/09/2009, Independent Publishers Group
_cTextual
040 _aCRL
_cCRL
_beng
041 _2eng
_aeng
082 _aP:(T:3,32).2, N0
100 _aPattanayak Debi Prasanna Ed.
_9592405
245 0 _aMultilingualism in India
260 _aHyderabad
_bOrient Longman India
_c1990
300 _axii,116p.
_ccm.
650 _aLINGUISTICS
942 _hP:(T:3,32).2, N0
_cTEXL
_2cc
999 _c953188
_d953188